Sports Quiz

Random Sports or MLB Quiz

Philadelphia Phillies strikeouts leaders Quiz Stats

 Plays Quiz not verified by Sporcle

Score 0/10 Timer 02:00
0 Plays Today
Years Answer % Correct
1972-1986Steve Carlton
100%
2006-2015Cole Hamels
92%
1948-1961Robin Roberts
91.3%
1992-2000Curt Schilling
83.3%
1964-1967, 1970-1971Jim Bunning
75.3%
1911-1917, 1930Pete Alexander
64.7%
2002-2009Brett Myers
64%
1959-1972Chris Short
48.7%
1999-2006Randy Wolf
44%
1947-1950, 1952-1960Curt Simmons
33.3%

You're not logged in!

Compare scores with friends on all Sporcle quizzes.
OR
Log In

You Might Also Like...

Show Comments

Extras

Top Quizzes Today


Score Distribution

Your Account Isn't Verified!

In order to create a playlist on Sporcle, you need to verify the email address you used during registration. Go to your Sporcle Settings to finish the process.

Report this User

Report this user for behavior that violates our Community Guidelines.

Details: